| 000 | 00897cam a22001814a 4500 | ||
|---|---|---|---|
| 005 | 20250605163721.0 | ||
| 008 | 250528s ||||||||||||||||||||||||d | ||
| 035 | _a24917 | ||
| 020 | _a9781422189870 | ||
| 040 |
_aGR-AtMCL _bgre _dGR-AtMCL _eAACR2 |
||
| 245 | 1 | _aOn Teams / If You Read Nothing Else on Building Better Teams and Read The Definitive Articles from Harvard Business Review | |
| 260 |
_bHarvard Business Review Press, _c2013 |
||
| 300 | _a200 | ||
| 520 | _aThe New Science of Building Great Teams, Why Teams Don't Work: An Interview With J. Richard Hackman, The Discipline of Teams, Eight Ways to Build Collaborative Teams, The Powers of Small Wins, Building the Emotional Intelligence of Groups, Managing Multicultural Teams, When Teams Can't Decide, Virtuoso Teams, How Management Teams Can Have a Good Fight, Index. | ||
| 942 | _cBK | ||
| 999 |
_c9749 _d9749 |
||